000 00385nam a22001577a 4500
005 20170330095356.0
008 170330b xxu||||| |||| 00| 0 eng d
020 _a978-81-318-0942-6
041 _aeng
100 _aPUNMIA,DR. B. C
_93585
245 _aDESIGN OF STEEL STRUCTURES
260 _bLAXHMI PUBLICATION
_c1995
300 _a1156
650 _aENGINEERING
_93691
942 _cBK
999 _c5332
_d5330